Online
Catalog

La mujer negra en la literatura puertorriqueña : (Record no. 8053)

MARC details
000 -CABECERA
campo de control de longitud fija 01092cam a2200253 a 4500
001 - NÚMERO DE CONTROL
campo de control 000008282
005 - FECHA Y HORA DE LA ÚLTIMA TRANSACCIÓN
campo de control 20200929161325.0
008 - DATOS DE LONGITUD FIJA--INFORMACIÓN GENERAL
campo de control de longitud fija 980929s1999 pr b s000 j spa
020 ## - NÚMERO INTERNACIONAL ESTÁNDAR DEL LIBRO
Número Internacional Estándar del Libro 0847703665 (alk. paper)
082 ## - NÚMERO DE LA CLASIFICACIÓN DECIMAL DEWEY
Número de clasificación PR863.44
Número de documento/Ítem R175m
040 ## - FUENTE DE LA CATALOGACIÓN
Centro catalogador/agencia de origen DO-SdBNP
100 1# - ENTRADA PRINCIPAL--NOMBRE DE PERSONA
Nombre de persona Ramos Rosado, Marie.
9 (RLIN) 22424
245 13 - MENCIÓN DE TÍTULO
Título La mujer negra en la literatura puertorriqueña :
Resto del título cuentistica de los setenta : Luis Rafael Sánchez, Carmelo Rodríguez Torres, Rosario Ferré y Ana Lydia Vega /
Mención de responsabilidad, etc. Marie Ramos Rosado; prólogo de José Luis Méndez.
246 30 - FORMA VARIANTE DE TÍTULO
Título propio/Titulo breve Mujer negra
260 ## - PUBLICACIÓN, DISTRIBUCIÓN, ETC.
Lugar de publicación, distribución, etc. San Juan, Puerto Rico :
Nombre del editor, distribuidor, etc. Universidad de Puerto Rico,
Fecha de publicación, distribución, etc. 1999.
300 ## - DESCRIPCIÓN FÍSICA
Extensión xvii, 397 p. ;
Dimensiones 21 cm.
504 ## - NOTA DE BIBLIOGRAFÍA, ETC.
Nota de bibliografía, etc. Incluye referencias bibliográficas (p. [357]-397).
650 #4 - PUNTO DE ACCESO ADICIONAL DE MATERIA--TÉRMINO DE MATERIA
Término de materia o nombre geográfico como elemento de entrada Cuentos puertorriqueños
Subdivisión general Historia y crítica
9 (RLIN) 22425
650 #4 - PUNTO DE ACCESO ADICIONAL DE MATERIA--TÉRMINO DE MATERIA
Término de materia o nombre geográfico como elemento de entrada Ficción de puerto rico
Subdivisión cronológica SIGLO XX
Subdivisión general Historia y crítica
9 (RLIN) 22426
650 #4 - PUNTO DE ACCESO ADICIONAL DE MATERIA--TÉRMINO DE MATERIA
Término de materia o nombre geográfico como elemento de entrada Mujeres negras en literatura
9 (RLIN) 22427
700 1# - PUNTO DE ACCESO ADICIONAL--NOMBRE DE PERSONA
Nombre de persona Méndez, José Luis,
Término indicativo de función/relación prol.
9 (RLIN) 22428
710 2# - PUNTO DE ACCESO ADICIONAL--NOMBRE DE ENTIDAD CORPORATIVA
Nombre de entidad corporativa o nombre de jurisdicción como elemento de entrada Editorial Cultural
9 (RLIN) 22429
710 2# - PUNTO DE ACCESO ADICIONAL--NOMBRE DE ENTIDAD CORPORATIVA
Nombre de entidad corporativa o nombre de jurisdicción como elemento de entrada Instituto de Cultura Puertorriqueña
9 (RLIN) 4083
Holdings
Estado de retiro Estado de pérdida Restricciones de uso No para préstamo Código de colección Localización permanente Ubicación/localización actual Ubicación en estantería Fecha de adquisición Número de inventario Total de préstamos Signatura topográfica completa Código de barras Fecha visto por última vez Precio válido a partir de Tipo de ítem Koha
    Préstamo interno   Monografías: Libros y Folletos General General En catalogación 15.09.2009 LF1   PR863.44 R175m 8282-10 25.06.2020 25.06.2020 Préstamo interno

Powered by Koha